| 000 | 00784 a2200229 4500 | ||
|---|---|---|---|
| 020 | _a1555877672 | ||
| 020 | _a9781555877675 | ||
| 082 | 0 | 4 | _a342.73066 |
| 090 |
_c983 _d983 |
||
| 100 | 1 | _aEisner, Marc Allen. | |
| 245 | 1 | 0 |
_aContemporary regulatory policy / _cMarc Allen Eisner. |
| 260 |
_a[S.l.] : _bLynne Rienner Publishers, _c1999. |
||
| 300 |
_a333 p. ; _c24 cm. |
||
| 490 | 1 | _aExplorations in public policy. | |
| 500 | _aHardcover. | ||
| 700 | 1 | _aWorsham, Jeffrey. | |
| 700 | 1 | _aRingquist, Evan J. | |
| 830 | 0 | _aExplorations in public policy. | |
| 856 | 4 | 0 |
_3Amazon.com _uhttp://www.amazon.com/exec/obidos/ASIN/1555877672/chopaconline-20 |
| 856 | 4 | 0 |
_3Amazon customer reviews _uhttp://www.chopac.org/cgi-bin/tools/azrev.pl?q=1555877672 |
| 942 |
_aNBS _cBK _k342.73066 ALL |
||
| 999 |
_c343521 _d343521 |
||